00543cam a22002052 4500001001100000005001700011008004100028020000500069040001500074100000500089245010400094250000500198260005900203300000500262500002200267505003100289650000700320700000500327700000500332000001917620151217152147.0101018s xx 000 0 eng d a aKABUcKABU1 a10aTransnational law & contemporary problems :ba journal of the University of Iowa College of Law /c a aIowa City :bUniversity of Iowa College of Law,c2000. a aPhotocopy (part).8 aVolume 10 Fall 2000 no. 2. 0az1 a1 a